000 00409nam a22001217a 4500
008 230609b xxu||||| |||| 00| 0 eng d
082 _a354.676
_bGOK
110 _bGoK
245 _a1999/2000 Estimates of Development Expenditure of the GOK for the Ending 30th June, 2000
_bVolume 2 (Votes D16-D36)
260 _aKenya
_bIncorporates Organization of Government
_cSeptember, 1999
300 _a960p
942 _2ddc
_cBK
999 _c925
_d925